000 00404nam a2200157Ia 4500
008 230312s9999||||xx |||||||||||||| ||und||
020 _a0-13-528910-6
082 _a005.133
_bDEI-C
100 _aDeitel , H.M.
245 0 _aC + + How to Program
260 _bPrentice Hall
_aIndia
_c1998
300 _a1130
546 _aEng.
650 _aComputer
_vControl Structures , Control Structures
942 _cBK
999 _c3122
_d3122